[Event "Autumn Cup 2022"]
[Site "Wellington Chess Club"]
[Date "2022.06.30"]
[Round "7.1"]
[White "Archer, Ollie"]
[Black "Langford, Joshua"]
[Result "0-1"]
[WhiteElo "1981"]
[BlackElo "1969"]

1. Nf3 { e } 1... d5 2. g3 e6 3. Bg2 Nf6 4. O-O Bd6 5. d4 O-O 6. Bg5 h6 7. Bxf6
Qxf6 8. c4 Nc6 9. cxd5 exd5 10. Nc3 Ne7 11. Nb5 Nf5 12. Nxd6 Nxd6 13. Ne5 c6
14. Rc1 a5 15. a4 Bf5 16. Rc5 Qd8 17. Qd2 f6 18. Nd3 Nc4 19. Qc3 Qd6 20. e4 b6
21. exd5 bxc5 22. dxc5 Qe7 23. Re1 Ne5 24. f4 Bxd3 25. fxe5 Bf5 26. d6 Qd7 27.
exf6 Rxf6 28. Re7 Qd8 29. Bxc6 Rc8 30. Qe5 Qf8 31. Bd5+ Kh8 32. c6 Bh3 33. Bg2
Rf1+ { } 0-1

[Event "Autumn Cup 2022"]
[Site "Wellington Chess Club"]
[Date "2022.06.30"]
[Round "7.2"]
[White "Van der Hoorn, Thomas"]
[Black "Tanoi, T Edward"]
[Result "1-0"]
[WhiteElo "1999"]
[BlackElo "2045"]

1. e4 c5 2. Nf3 Nc6 3. d4 cxd4 4. Nxd4 e5 5. Nb5 d6 6. c4 Be6 7. N1c3 a6 8. Na3
g6 9. Be3 Bg7 10. Nc2 Nf6 11. Be2 O-O 12. O-O Rc8 13. Qd2 Ne7 14. b3 b5 15.
Rfd1 bxc4 16. b4 d5 17. exd5 Nexd5 18. Bc5 Qc7 19. Bxf8 Rxf8 20. Nxd5 Nxd5 21.
Ne3 Nf4 22. Bf1 e4 23. Rac1 c3 24. Qd6 Qxd6 25. Rxd6 Bxa2 26. Rxa6 Be6 27. Ra3
Rc8 28. Nc2 Nd3 29. Rd1 Nb2 30. Re1 Nc4 31. Bxc4 Bxc4 32. Rea1 Bf6 33. Ra8 Rxa8
34. Rxa8+ Kg7 35. Rc8 Be6 36. Rc6 Bd5 37. Rc5 Bb3 38. Ne3 Bd4 39. Rc6 Ba4 40.
Rc4 Bf6 41. Rc8 Bd7 42. Rc7 Bb5 43. Rc5 Bd3 44. g4 Be7 45. Rxc3 Bxb4 46. Rc6
Be7 47. Kg2 Be2 48. Kg3 Bf3 49. h4 h5 50. g5 Bb4 51. Nd5 Ba3 52. Nf6 Be7 53.
Kf4 Bg2 54. Nxe4 Ba3 55. f3 Bh3 56. Nf6 Bb2 57. Rb6 Ba3 58. Ke4 Bd6 {Black
mistakenly dropped the piece on the d6 square en-route the e7 square }  (58...
Be7 { Otb misclick } ) 1-0

[Event "Autumn Cup 2022"]
[Site "Wellington Chess Club"]
[Date "2022.06.30"]
[Round "7.4"]
[White "Enegbuma, Wallace"]
[Black "Lawrence, Hugo"]
[Result "1-0"]
[WhiteElo "1765"]
[BlackElo "1767"]

1. e4 Nf6 2. Nc3 e5 3. Bc4 Nxe4 4. Qe2 Nc6 5. Qxe4 Bc5 6. Nf3 f5 7. Qd5 Qe7 8.
a3 e4 9. O-O exf3 10. Qxf3 Ne5 11. Qe2 Nxc4 12. Qxc4 d6 13. d4 Bb6 14. Bd2 Qf7
15. Rfe1+ Kf8 16. Qd3 Bd7 17. Bg5 Re8 18. Rxe8+ Bxe8 19. Re1 Qg6 20. Qe3 Bd7
21. Qe7+ 1-0

[Event "Autumn Cup 2022"]
[Site "Wellington Chess Club"]
[Date "2022.06.30"]
[Round "7.3"]
[White "Jackson, Ross"]
[Black "Lyall, Gordon"]
[Result "1/2-1/2"]
[WhiteElo "1923"]
[BlackElo "1977"]

1. Nf3 d5 2. d4 Nf6 3. Bf4 e6 4. e3 Bd6 5. Bxd6 Qxd6 6. Nbd2 Nbd7 7. Bd3 O-O 8.
c3 e5 9. dxe5 Nxe5 10. Nxe5 Qxe5 11. Nf3 Qe7 12. Qc2 Re8 13. O-O h6 14. h3 a5
15. c4 Be6 16. c5 c6 17. Nd4 Bd7 18. a4 Ne4 19. Rac1 Ng5 20. Bf5 g6 21. Bxd7
Qxd7 22. Rce1 Re4 23. f3 Rh4 24. Re2 Qc7 25. f4 Ne4 26. Nf3 Rh5 27. Kh2 f5 28.
Nd2 Re8 29. Nxe4 Rxe4 30. b3 g5 31. g3 Qe7 32. Rfe1 Qg7 33. Rd1 1/2-1/2